Fitting the task to the man: An ergonomic approach / (Record no. 11129)
[ view plain ]
| 000 -LEADER | |
|---|---|
| fixed length control field | 00456cam a2200169ua 4500 |
| 020 ## - INTERNATIONAL STANDARD BOOK NUMBER | |
| ISBN | 0-85066-192-7 |
| 041 ## - LANGUAGE CODE | |
| Language code of text/sound track or separate title | eng |
| 082 ## - DEWEY DECIMAL CLASSIFICATION NUMBER | |
| Classification number | 620.82 |
| Item number | GRA/FI |
| 100 ## - MAIN ENTRY--AUTHOR NAME | |
| Personal name | Grandjean, E . |
| 245 ## - TITLE STATEMENT | |
| Title | Fitting the task to the man: An ergonomic approach / |
| 260 ## - PUBLICATION, DISTRIBUTION, ETC. (IMPRINT) | |
| Place of publication | London : |
| Name of publisher | Taylor & Francis , |
| Year of publication | 1986. |
| 300 ## - PHYSICAL DESCRIPTION | |
| Number of Pages | 379 ; . |
| 650 ## - SUBJECT ADDED ENTRY--TOPICAL TERM | |
| Topical Term | Human Factors- Engineering |
| 942 ## - ADDED ENTRY ELEMENTS (KOHA) | |
| Koha item type | Books |
| Withdrawn status | Lost status | Damaged status | Home library | Current library | Date acquired | Full call number | Accession Number | Koha item type |
|---|---|---|---|---|---|---|---|---|
| KAUAET | KAUAET | 16/09/1989 | 620.82 | 16527 | Books |
